000 00514nam a22001457a 4500
003 0
005 20221013124920.0
008 221013b xxu||||| |||| 00| 0 eng d
050 _aHM1121
_b.M36 2022
245 _aConstructive elements of students' learning within an imposed virtual environment
_cHannah Beatrice M. Manganlindan
260 _aLas Pinas, Philippines
_bSouthville International School and Colleges
_cC2022
300 _axii,167pp.
_c28cm.
_fThese
500 _aConstructive elements.
942 _2lcc
_cTH
999 _c364847
_d364847